Normal view
MARC view
- Families
Entry Topical Term
001 - CONTROL NUMBER
- control field: 11113
003 - CONTROL NUMBER IDENTIFIER
- control field: NUST
005 - DATE AND TIME OF LATEST TRANSACTION
- control field: 20180607085957.0
008 - FIXED-LENGTH DATA ELEMENTS
- fixed length control field: 180607|| aca||aabn | a|a d
040 ## - CATALOGING SOURCE
- Original cataloging agency: NUST
- Transcribing agency: NUST
150 ## - HEADING--TOPICAL TERM
- Topical term or geographic name entry element: Families
670 ## - SOURCE DATA FOUND
- Source citation: Work cat.: (NUST)233567: Mansell, Jill 11111, Two's company /, 2007
